Quiz o wiedzy państw na świecie #1 - Statystyki

Ogólne statystyki
  • Ten quiz został rozwiązany 147 razy
  • Średni wynik to 8 z 10
Statystyki odpowiedzi
Zagadnienie Odpowiedź % Poprawnych
Zaznacz flagę Rumuni
100%
Zaznacz liczbę kontynentów na świecie 7
100%
Zaznacz najmłodsze państwo w Europie Kosowo
100%
Zaznacz flagę Słowacji
75%
Zaznacz flagę Nowej Zelandii
75%
Zaznacz zbiór 4 państw z którymi graniczy Rosja Gruzja, Korea Północna, Chiny, Kazachstan
75%
Zaznacz zdanie fałszywe Indonezja jest krajem Oceanii
75%
Spośród podanych wybierz stolicę Łotwy Ryga
75%
Zaznacz flagę kraju nordyckiego
50%
Stolicą Madagaskaru jest Antananarywa Prawda
50%
Nie znaleziono quizów pasujących do podanych kryteriów
Rozkład punktacji
Procent ludzi z każdym wynikiem
Percentyl według liczby udzielonych odpowiedzi
Twoja historia wyników
Nie rozwiązałeś tego quizu